[Event "Tradewise Gibraltar Masters 16th"]
[Site "Gibraltar"]
[Date "2018.02.01"]
[Round "10.80"]
[White "Lercel, Michal"]
[Black "Akesson, Ralf"]
[Result "0-1"]
[WhiteElo "2252"]
[BlackElo "2443"]
[PlyCount "64"]
[EventDate "2018.01.23"]
[EventType "swiss"]
[EventRounds "10"]
[EventCountry "GGB"]
[SourceTitle "BritBase"]
[Source "www.saund.co.uk"]
[SourceDate "2018.02.10"]
[SourceVersion "1"]
[SourceVersionDate "2018.02.10"]
[SourceQuality "1"]

1. Nf3 c5 2. b3 Nc6 3. c4 e5 4. Bb2 d6 5. Nc3 g6 6. e3 Bg7 7. d3 Nge7 8. Be2
O-O 9. O-O f5 10. Qd2 h6 11. Rfd1 g5 12. Ne1 Be6 13. Nc2 Qd7 14. Rab1 Rad8 15.
d4 exd4 16. exd4 Nxd4 17. Nxd4 Bxd4 18. h4 f4 19. hxg5 hxg5 20. Ne4 Bf5 21. Bd3
Bxb2 22. Qxb2 Qe6 23. f3 Qg6 24. Kf2 Nc6 25. Rh1 Ne5 26. Rbd1 Rd7 27. Bb1 b6
28. Rh2 g4 29. Ke2 Rg7 30. Rg1 gxf3+ 31. Kf1 Bxe4 32. Bxe4 Qxe4 0-1

[Event "Tradewise Gibraltar Masters 16th"]
[Site "Gibraltar"]
[Date "2018.02.01"]
[Round "10.81"]
[White "Wilson, Matthew R"]
[Black "Reuben, Stewart"]
[Result "0-1"]
[WhiteElo "1782"]
[BlackElo "2045"]
[PlyCount "62"]
[EventDate "2018.01.23"]
[EventType "swiss"]
[EventRounds "10"]
[EventCountry "GGB"]
[SourceTitle "BritBase"]
[Source "www.saund.co.uk"]
[SourceDate "2018.02.10"]
[SourceVersion "1"]
[SourceVersionDate "2018.02.10"]
[SourceQuality "1"]

1. Nf3 c5 2. e3 Nf6 3. d4 b6 4. c4 Bb7 5. Nc3 e6 6. d5 d6 7. Be2 Be7 8. O-O O-O
9. e4 e5 10. Ne1 Ne8 11. f4 exf4 12. Bxf4 Bg5 13. Qd2 Bxf4 14. Qxf4 Qf6 15. Qg4
Qe7 16. Bd3 Nd7 17. Nf3 Ne5 18. Nxe5 Qxe5 19. Rf3 Bc8 20. Qh4 Nf6 21. Raf1 Ng4
22. Rxf7 Bd7 23. Rxf8+ Rxf8 24. Rxf8+ Kxf8 25. Ne2 g5 26. Qg3 Qxb2 27. Qxd6+
Ke8 28. g3 Qd2 29. h3 Qe1+ 30. Kg2 Qf2+ 31. Kh1 Qh2# 0-1

[Event "Tradewise Gibraltar Masters 16th"]
[Site "Gibraltar"]
[Date "2018.02.01"]
[Round "10.82"]
[White "Oglaza, Oskar"]
[Black "Zhukova, Natalia"]
[Result "1/2-1/2"]
[WhiteElo "2245"]
[BlackElo "2438"]
[PlyCount "75"]
[EventDate "2018.01.23"]
[EventType "swiss"]
[EventRounds "10"]
[EventCountry "GGB"]
[SourceTitle "BritBase"]
[Source "www.saund.co.uk"]
[SourceDate "2018.02.10"]
[SourceVersion "1"]
[SourceVersionDate "2018.02.10"]
[SourceQuality "1"]

1. e4 e5 2. Nf3 Nc6 3. d4 exd4 4. Nxd4 Nf6 5. Nc3 Bb4 6. Nxc6 bxc6 7. Bd3 O-O
8. O-O Re8 9. Qf3 h6 10. Bf4 d6 11. h3 Qe7 12. Rfe1 Nd7 13. Bd2 Rb8 14. Qg3 Kh8
15. Rad1 Bc5 16. a3 Bd4 17. Ne2 Bf6 18. Bc3 Bxc3 19. Nxc3 Qe5 20. Qxe5 Rxe5 21.
f4 Re7 22. Be2 Bb7 23. Bf3 Rbe8 24. Kf2 g6 25. Re2 Kg7 26. g3 h5 27. Rde1 Rh8
28. Nd1 h4 29. gxh4 Rxh4 30. Kg3 Rh7 31. e5 dxe5 32. fxe5 Nc5 33. Nf2 Rh8 34.
Ng4 Rd8 35. h4 Ne6 36. h5 Nd4 37. Rh2 Nxf3 38. Kxf3 1/2-1/2

[Event "Tradewise Gibraltar Masters 16th"]
[Site "Gibraltar"]
[Date "2018.02.01"]
[Round "10.83"]
[White "Kvisla, Johannes Luangtep"]
[Black "Tarjan, James"]
[Result "0-1"]
[WhiteElo "2234"]
[BlackElo "2432"]
[PlyCount "74"]
[EventDate "2018.01.23"]
[EventType "swiss"]
[EventRounds "10"]
[EventCountry "GGB"]
[SourceTitle "BritBase"]
[Source "www.saund.co.uk"]
[SourceDate "2018.02.10"]
[SourceVersion "1"]
[SourceVersionDate "2018.02.10"]
[SourceQuality "1"]

1. d4 f5 2. c4 Nf6 3. Nf3 e6 4. g3 d5 5. Bg2 Bd6 6. O-O O-O 7. Qc2 c6 8. Nc3
Bd7 9. Rb1 a5 10. c5 Bc7 11. Bf4 Bxf4 12. gxf4 Ne4 13. e3 Be8 14. Ne5 Nd7 15.
f3 Nxe5 16. fxe5 Nxc3 17. bxc3 f4 18. Rxb7 Qg5 19. exf4 Rxf4 20. Qf2 Bg6 21.
Qg3 Qh6 22. Rf2 Raf8 23. Qh3 Bh5 24. Re7 R4f5 25. Qg3 Rg5 26. Qh3 Rg6 27. f4
Rxf4 28. Rxe6 Rxg2+ 29. Rxg2 Rf1+ 30. Kxf1 Be2+ 31. Kg1 Qxh3 32. Rxc6 Qe3+ 33.
Rf2 Bf3 34. Rc8+ Kf7 35. e6+ Kg6 36. e7 Qg5+ 37. Kf1 Qc1# 0-1

[Event "Tradewise Gibraltar Masters 16th"]
[Site "Gibraltar"]
[Date "2018.02.01"]
[Round "10.84"]
[White "Gonzalez Gonzalez, Alfonso"]
[Black "Ladron De Guevara Pinto, Paolo"]
[Result "0-1"]
[WhiteElo "2192"]
[BlackElo "2427"]
[PlyCount "158"]
[EventDate "2018.01.23"]
[EventType "swiss"]
[EventRounds "10"]
[EventCountry "GGB"]
[SourceTitle "BritBase"]
[Source "www.saund.co.uk"]
[SourceDate "2018.02.10"]
[SourceVersion "1"]
[SourceVersionDate "2018.02.10"]
[SourceQuality "1"]

1. d4 Nf6 2. Bg5 c5 3. d5 Qb6 4. Nc3 Qxb2 5. Bd2 Qb6 6. e4 d6 7. Rb1 Qc7 8. f4
a6 9. a4 g6 10. Nf3 Bg4 11. h3 Bxf3 12. Qxf3 Bg7 13. g4 O-O 14. Bg2 Nbd7 15.
O-O Rab8 16. e5 dxe5 17. f5 Ne8 18. h4 Nd6 19. h5 gxf5 20. h6 e4 21. Qh3 Bd4+
22. Kh1 e3 23. Be1 fxg4 24. Qh4 f5 25. Ne2 Bf6 26. Qh5 Qc8 27. Bg3 Ne5 28. Qh2
Ng6 29. Rb3 b5 30. a5 Bg5 31. Bf4 Nxf4 32. Rxf4 Rf6 33. Kg1 Rxh6 34. Qg3 Nc4
35. Rxc4 Rd6 36. Rf4 Bxf4 37. Qxf4 Qf8 38. Rxe3 Qf6 39. Re5 Rf8 40. Ng3 b4 41.
Bf1 Qh6 42. Qxh6 Rxh6 43. Nxf5 Rhf6 44. Bd3 R8f7 45. Nxe7+ Kf8 46. Nc6 Rf3 47.
d6 b3 48. Re1 bxc2 49. Bxc2 Rg3+ 50. Kh1 Rh3+ 51. Kg2 Rh6 52. Nd8 Rxd6 53. Ne6+
Kg8 54. Bb3 Rd2+ 55. Kg1 Kh8 56. Ng5 Rb7 57. Re8+ Kg7 58. Ne6+ Kf7 59. Rf8+ Ke7
60. Rf7+ Kxf7 61. Nxc5+ Ke7 62. Nxb7 Rb2 63. Nc5 Kd6 64. Ne4+ Ke5 65. Nc5 Kd4
66. Ne6+ Kc3 67. Bd5 Rb5 68. Nf4 Rxa5 69. Bg8 h5 70. Kh2 Rg5 71. Be6 a5 72. Bd7
Rg7 73. Be8 h4 74. Ng2 Re7 75. Ba4 h3 76. Nf4 Re4 77. Nd5+ Kb2 78. Bc6 Re2+ 79.
Kh1 g3 0-1

[Event "Tradewise Gibraltar Masters 16th"]
[Site "Gibraltar"]
[Date "2018.02.01"]
[Round "10.85"]
[White "Plotkin, Victor"]
[Black "Pigott, John C"]
[Result "0-1"]
[WhiteElo "2242"]
[BlackElo "2418"]
[PlyCount "78"]
[EventDate "2018.01.23"]
[EventType "swiss"]
[EventRounds "10"]
[EventCountry "GGB"]
[SourceTitle "BritBase"]
[Source "www.saund.co.uk"]
[SourceDate "2018.02.10"]
[SourceVersion "1"]
[SourceVersionDate "2018.02.10"]
[SourceQuality "1"]

1. e4 e6 2. d4 d5 3. exd5 exd5 4. Nf3 Bd6 5. c4 Nf6 6. c5 Be7 7. Bd3 b6 8. cxb6
axb6 9. O-O O-O 10. Bf4 Bg4 11. h3 Bh5 12. Nc3 Nc6 13. Nb5 Ne8 14. Bxh7+ Kxh7
15. Qc2+ f5 16. Qxc6 Bxf3 17. gxf3 Rf6 18. Qc2 Qd7 19. Nc3 Bd6 20. Qd2 g5 21.
Bxd6 Nxd6 22. Rfe1 c6 23. Kg2 f4 24. Re5 Nf7 25. Re2 Kg7 26. Rh1 Nd6 27. Qd3
Rh8 28. Kf1 Rfh6 29. Rg1 Nf7 30. Ke1 Rxh3 31. Kd2 Rh1 32. Rxh1 Rxh1 33. Na4 Qa7
34. b3 b5 35. Nc3 Qa3 36. Qc2 Qb4 37. Qd3 Ra1 38. Kc2 Qa3 39. Qf5 b4 0-1

[Event "Tradewise Gibraltar Masters 16th"]
[Site "Gibraltar"]
[Date "2018.02.01"]
[Round "10.86"]
[White "Wallace, John Paul"]
[Black "Richards, Heather S"]
[Result "1-0"]
[WhiteElo "2415"]
[BlackElo "2223"]
[PlyCount "75"]
[EventDate "2018.01.23"]
[EventType "swiss"]
[EventRounds "10"]
[EventCountry "GGB"]
[SourceTitle "BritBase"]
[Source "www.saund.co.uk"]
[SourceDate "2018.02.10"]
[SourceVersion "1"]
[SourceVersionDate "2018.02.10"]
[SourceQuality "1"]

1. e4 Nf6 2. e5 Nd5 3. d4 d6 4. c4 Nb6 5. f4 dxe5 6. fxe5 c5 7. d5 e6 8. Nc3
exd5 9. cxd5 c4 10. d6 Be6 11. Nf3 Qd7 12. a4 Qc6 13. Bf4 Qc5 14. Ng5 Nc6 15.
Nxe6 fxe6 16. Qg4 O-O-O 17. Qxe6+ Nd7 18. O-O-O Qf2 19. Bg3 Qe3+ 20. Kb1 g5 21.
Bxc4 Bg7 22. Rhe1 Qb6 23. Nd5 Qa5 24. Bb5 Kb8 25. Bxc6 bxc6 26. Ne7 Qxa4 27.
Rd4 Qa6 28. Qc4 Qxc4 29. Rxc4 Kb7 30. Rxc6 Rhe8 31. Rc7+ Kb6 32. Nd5+ Ka6 33.
e6 Nf6 34. Nb4+ Kb5 35. Re5+ Kxb4 36. Be1+ Ka4 37. Rc4+ Kb3 38. Rb4# 1-0

[Event "Tradewise Gibraltar Masters 16th"]
[Site "Gibraltar"]
[Date "2018.02.01"]
[Round "10.87"]
[White "Devereaux, Maxim L"]
[Black "Pein, Jonathan"]
[Result "1-0"]
[WhiteElo "2370"]
[BlackElo "2153"]
[PlyCount "33"]
[EventDate "2018.01.23"]
[EventType "swiss"]
[EventRounds "10"]
[EventCountry "GGB"]
[SourceTitle "BritBase"]
[Source "www.saund.co.uk"]
[SourceDate "2018.02.10"]
[SourceVersion "1"]
[SourceVersionDate "2018.02.10"]
[SourceQuality "1"]

1. e4 e5 2. Nf3 d6 3. Bc4 Nf6 4. Nc3 h6 5. d4 exd4 6. Nxd4 g6 7. f3 Bg7 8. Be3
Nc6 9. Qd2 O-O 10. O-O-O Nxd4 11. Bxd4 a6 12. g4 b5 13. Bd5 Nxd5 14. Nxd5 Be6
15. Bxg7 Kxg7 16. Qc3+ f6 17. Nxc7 1-0

[Event "Tradewise Gibraltar Masters 16th"]
[Site "Gibraltar"]
[Date "2018.02.01"]
[Round "10.88"]
[White "Perez Garcia, Alejandro"]
[Black "Barthel, Ansgar"]
[Result "1-0"]
[WhiteElo "2357"]
[BlackElo "2187"]
[PlyCount "97"]
[EventDate "2018.01.23"]
[EventType "swiss"]
[EventRounds "10"]
[EventCountry "GGB"]
[SourceTitle "BritBase"]
[Source "www.saund.co.uk"]
[SourceDate "2018.02.10"]
[SourceVersion "1"]
[SourceVersionDate "2018.02.10"]
[SourceQuality "1"]

1. d4 d5 2. c4 e6 3. Nf3 c5 4. cxd5 exd5 5. g3 Nc6 6. Bg2 Nf6 7. O-O Be7 8.
dxc5 Bxc5 9. Qc2 Bb6 10. Nc3 O-O 11. Na4 Be6 12. Nxb6 Qxb6 13. b3 Ne4 14. Be3
Qa6 15. Qb2 Rac8 16. Rac1 Rfd8 17. Rfd1 b6 18. Ng5 Nxg5 19. Bxg5 Rd7 20. Rd2 f6
21. Bf4 Ne7 22. Rxc8+ Qxc8 23. Rc2 Qb7 24. b4 Kf7 25. h3 Bf5 26. Rd2 g5 27. Be3
Be4 28. f3 Bg6 29. f4 gxf4 30. Bxf4 Be4 31. Qb3 Kg7 32. Bxe4 dxe4 33. Qe6 Rxd2
34. Bxd2 Ng8 35. Kf2 Qe7 36. Qg4+ Kf8 37. a3 Qd6 38. Bf4 Qd4+ 39. Kg2 b5 40.
Qc8+ Kg7 41. Qb7+ Kg6 42. Qxb5 h5 43. Qe8+ Kg7 44. Qxh5 Qb2 45. Be3 Qxa3 46.
Qg4+ Kh8 47. Qxe4 a5 48. Bc5 Qc3 49. Bf8 1-0

[Event "Tradewise Gibraltar Masters 16th"]
[Site "Gibraltar"]
[Date "2018.02.01"]
[Round "10.89"]
[White "Renman, Nils-Gustaf"]
[Black "Spence, David J"]
[Result "1-0"]
[WhiteElo "2350"]
[BlackElo "2127"]
[PlyCount "97"]
[EventDate "2018.01.23"]
[EventType "swiss"]
[EventRounds "10"]
[EventCountry "GGB"]
[SourceTitle "BritBase"]
[Source "www.saund.co.uk"]
[SourceDate "2018.02.10"]
[SourceVersion "1"]
[SourceVersionDate "2018.02.10"]
[SourceQuality "1"]

1. d4 e6 2. c4 Nf6 3. Nf3 b6 4. g3 Ba6 5. Qc2 Bb4+ 6. Bd2 Be7 7. Bg2 Bb7 8. Nc3
c5 9. d5 exd5 10. Nh4 d6 11. cxd5 g6 12. O-O O-O 13. e4 Nh5 14. Nf3 Nd7 15.
Rfe1 a6 16. a4 Qc7 17. b3 Rfe8 18. g4 Nhf6 19. h3 Bf8 20. Rad1 Rab8 21. Bf4 Ne5
22. Nxe5 dxe5 23. Bg5 Nd7 24. Bf1 Bd6 25. Bc4 f6 26. Bc1 Rf8 27. Qd3 Ra8 28.
Kg2 Kf7 29. Ne2 Ke7 30. h4 Kd8 31. Rh1 Kc8 32. Ng3 Kb8 33. g5 Ka7 34. h5 Qd8
35. hxg6 hxg6 36. Rh6 Rg8 37. Qf3 Qe7 38. Qg4 Raf8 39. Qe6 Rg7 40. Rdh1 Re8 41.
Rh7 Rxh7 42. Rxh7 Qxh7 43. Qxe8 fxg5 44. Bxg5 Nf8 45. Be2 Qd7 46. Qxd7 Nxd7 47.
Nf1 Kb8 48. Nd2 Nf8 49. Bd8 1-0

[Event "Tradewise Gibraltar Masters 16th"]
[Site "Gibraltar"]
[Date "2018.02.01"]
[Round "10.90"]
[White "Bendayan Claros, Aaron"]
[Black "Lombaers, Peter"]
[Result "0-1"]
[WhiteElo "2191"]
[BlackElo "2345"]
[PlyCount "92"]
[EventDate "2018.01.23"]
[EventType "swiss"]
[EventRounds "10"]
[EventCountry "GGB"]
[SourceTitle "BritBase"]
[Source "www.saund.co.uk"]
[SourceDate "2018.02.10"]
[SourceVersion "1"]
[SourceVersionDate "2018.02.10"]
[SourceQuality "1"]

1. e4 c5 2. b3 b6 3. Bb2 Bb7 4. Nc3 e6 5. Nf3 Nc6 6. Bc4 Be7 7. O-O Bf6 8. Re1
d6 9. Bf1 Nge7 10. Na4 Nd4 11. Nxd4 cxd4 12. c3 Nc6 13. Bb5 O-O 14. Bxc6 Bxc6
15. cxd4 b5 16. d5 Bxb2 17. Nxb2 exd5 18. exd5 Bxd5 19. Qh5 Bc6 20. Nd3 Rc8 21.
Rac1 Qa5 22. Rc2 Bb7 23. Rxc8 Bxc8 24. a4 Qxd2 25. Qxb5 a6 26. Qc4 Bf5 27. Re3
d5 28. Qc1 Qxc1+ 29. Nxc1 d4 30. Re1 Rc8 31. Rd1 d3 32. g4 Bxg4 33. f3 Bxf3 34.
Rxd3 Be4 35. Rd1 f5 36. Ne2 Rc2 37. Nf4 g5 38. Ne6 Rg2+ 39. Kf1 Kf7 40. Nc5
Rxh2 41. Rd6 g4 42. Nxe4 fxe4 43. Kg1 Rb2 44. Rh6 e3 45. Rxh7+ Kf6 46. Rh8 Rb1+
0-1

[Event "Tradewise Gibraltar Masters 16th"]
[Site "Gibraltar"]
[Date "2018.02.01"]
[Round "10.91"]
[White "Pinho, Paulo"]
[Black "Jessel, Stephen"]
[Result "1-0"]
[WhiteElo "2186"]
[BlackElo "2342"]
[PlyCount "159"]
[EventDate "2018.01.23"]
[EventType "swiss"]
[EventRounds "10"]
[EventCountry "GGB"]
[SourceTitle "BritBase"]
[Source "www.saund.co.uk"]
[SourceDate "2018.02.10"]
[SourceVersion "1"]
[SourceVersionDate "2018.02.10"]
[SourceQuality "1"]

1. d4 e6 2. c4 b6 3. Nc3 Bb7 4. Nf3 f5 5. g3 Nf6 6. Bg2 Bb4 7. Qb3 a5 8. O-O
O-O 9. Bf4 Ne4 10. Rad1 Bxc3 11. bxc3 a4 12. Qc2 Qc8 13. Ne5 d6 14. Nd3 Nc6 15.
Bc1 Na5 16. f3 Nf6 17. c5 bxc5 18. Qxa4 Bc6 19. Qc2 Nc4 20. Nb2 Rxa2 21. Qb3
Nxb2 22. Qxa2 Nxd1 23. Rxd1 cxd4 24. cxd4 Bd5 25. Qc2 Qb7 26. Be3 Ra8 27. Rb1
Qc6 28. Qb2 h6 29. Rc1 Qd7 30. Bf2 Kh7 31. e4 fxe4 32. fxe4 Bc6 33. Qc2 Ba4 34.
Qxc7 Qxc7 35. Rxc7 Rb8 36. Rc1 Ng4 37. Be1 Rb2 38. Bc3 Ra2 39. Bb4 Ne3 40. Bh3
Nc2 41. Bxe6 Nxb4 42. Bxa2 Nxa2 43. Rc8 Bb3 44. Kf2 d5 45. e5 Kg6 46. Rf8 Nc3
47. Ke3 Ne4 48. e6 Ba4 49. Kf4 Nf6 50. g4 Be8 51. h4 Bc6 52. h5+ Kh7 53. Ke5
Nxg4+ 54. Kd6 Ba4 55. Kxd5 Nf6+ 56. Ke5 Nxh5 57. d5 Kg6 58. d6 Nf6 59. Rxf6+
gxf6+ 60. Kf4 Bb3 61. d7 Bxe6 62. d8=Q h5 63. Qe8+ Bf7 64. Qe4+ Kg7 65. Qe7 Kg6
66. Kg3 Bd5 67. Qd7 Bc4 68. Kh4 Bf7 69. Qd8 Kg7 70. Qe7 Kg6 71. Qf8 Be6 72.
Qe8+ Bf7 73. Qh8 Kf5 74. Qg7 Ke6 75. Kg3 Be8 76. Kf4 Bf7 77. Qg2 Ke7 78. Qb7+
Ke6 79. Qc6+ Ke7 80. Kf5 1-0

[Event "Tradewise Gibraltar Masters 16th"]
[Site "Gibraltar"]
[Date "2018.02.01"]
[Round "10.92"]
[White "Movileanu, Daniela"]
[Black "Lopez Mulet, Inigo"]
[Result "1/2-1/2"]
[WhiteElo "2163"]
[BlackElo "2318"]
[PlyCount "102"]
[EventDate "2018.01.23"]
[EventType "swiss"]
[EventRounds "10"]
[EventCountry "GGB"]
[SourceTitle "BritBase"]
[Source "www.saund.co.uk"]
[SourceDate "2018.02.10"]
[SourceVersion "1"]
[SourceVersionDate "2018.02.10"]
[SourceQuality "1"]

1. e4 e6 2. d4 d5 3. Nd2 Nc6 4. Ngf3 Nf6 5. e5 Nd7 6. Be2 Be7 7. c3 O-O 8. O-O
a5 9. a4 b6 10. Bd3 Ba6 11. Ne1 Qc8 12. Ndf3 f6 13. exf6 Nxf6 14. Bxa6 Qxa6 15.
Nd3 Ne4 16. Nf4 Qc8 17. Qe2 Bd6 18. Nd3 Qe8 19. Ng5 Qg6 20. Nh3 Rae8 21. f4 Ne7
22. Kh1 Nf5 23. Kg1 c5 24. Be3 Rc8 25. Rac1 Rc7 26. Nhf2 c4 27. Ne5 Bxe5 28.
dxe5 Nh4 29. Nxe4 Qxe4 30. Rf2 Rb7 31. Re1 Qg6 32. Kh1 b5 33. axb5 Rxb5 34. Bc1
Nf5 35. g4 Ne7 36. Rg1 Qe8 37. Rfg2 Nc6 38. Qe1 Nb8 39. f5 Nd7 40. f6 Qg6 41.
g5 Nc5 42. Qg3 Rb7 43. h4 Qd3 44. Qe3 Rc7 45. Qh3 g6 46. Kh2 Kf7 47. Rd2 Qe4
48. Rd4 Qc2+ 49. Rd2 Qe4 50. Rd4 Qc2+ 51. Rd2 Qe4 1/2-1/2

[Event "Tradewise Gibraltar Masters 16th"]
[Site "Gibraltar"]
[Date "2018.02.01"]
[Round "10.93"]
[White "Povah, Nigel E"]
[Black "Maloberti, David"]
[Result "1-0"]
[WhiteElo "2310"]
[BlackElo "2148"]
[PlyCount "103"]
[EventDate "2018.01.23"]
[EventType "swiss"]
[EventRounds "10"]
[EventCountry "GGB"]
[SourceTitle "BritBase"]
[Source "www.saund.co.uk"]
[SourceDate "2018.02.10"]
[SourceVersion "1"]
[SourceVersionDate "2018.02.10"]
[SourceQuality "1"]

1. d4 Nf6 2. Nf3 g6 3. Nc3 Bg7 4. e4 d6 5. Be3 Ng4 6. Bg5 h6 7. Bh4 c5 8. h3
cxd4 9. Nxd4 Ne5 10. Bg3 Nbc6 11. Nb3 Be6 12. Nd5 O-O 13. c3 Bxd5 14. Qxd5 Qb6
15. Be2 a5 16. a4 Nd7 17. Qb5 Qc7 18. O-O Nf6 19. Nd2 Ra6 20. Qc4 Nd7 21. Qa2
Raa8 22. Bf4 Nc5 23. Be3 e6 24. f4 Rae8 25. Qc4 b6 26. Qa2 Kh7 27. Bf3 f5 28.
Qb1 Rd8 29. Qc2 d5 30. e5 d4 31. Bf2 d3 32. Qb1 g5 33. b4 axb4 34. cxb4 Nd7 35.
g3 gxf4 36. gxf4 Ndxe5 37. fxe5 Nxe5 38. Bg2 f4 39. Be4+ Kh8 40. Qb3 Qe7 41.
Kh2 f3 42. Rg1 Qf6 43. Rad1 Rd6 44. a5 Qf4+ 45. Kh1 bxa5 46. bxa5 Bf6 47. Qb5
Rfd8 48. a6 Nf7 49. a7 Bh4 50. a8=Q Bxf2 51. Qe8+ Rxe8 52. Qxe8# 1-0

[Event "Tradewise Gibraltar Masters 16th"]
[Site "Gibraltar"]
[Date "2018.02.01"]
[Round "10.94"]
[White "Roman Lopez, Jesus"]
[Black "Goriatchkin, Jouri"]
[Result "0-1"]
[WhiteElo "2008"]
[BlackElo "2310"]
[PlyCount "66"]
[EventDate "2018.01.23"]
[EventType "swiss"]
[EventRounds "10"]
[EventCountry "GGB"]
[SourceTitle "BritBase"]
[Source "www.saund.co.uk"]
[SourceDate "2018.02.10"]
[SourceVersion "1"]
[SourceVersionDate "2018.02.10"]
[SourceQuality "1"]

1. e4 e6 2. d4 d5 3. exd5 exd5 4. c4 Nf6 5. Nc3 Be7 6. Nf3 O-O 7. cxd5 Nxd5 8.
Bd3 Be6 9. O-O Nd7 10. Nxd5 Bxd5 11. Bf4 Nf6 12. Rc1 c6 13. a3 Qb6 14. Be5 Rfe8
15. Qc2 Bxf3 16. gxf3 g6 17. f4 Nd5 18. Kh1 Bf6 19. f5 Bxe5 20. dxe5 Nf4 21. e6
fxe6 22. fxg6 h6 23. g7 Rad8 24. Rcd1 Kxg7 25. Rg1+ Kf6 26. Rg3 Qd4 27. Re3
Qd5+ 28. f3 Rg8 29. Qc3+ e5 30. Re4 Nh3 31. Qe1 Rg1+ 32. Qxg1 Nxg1 33. Kxg1 Qb3
0-1

[Event "Tradewise Gibraltar Masters 16th"]
[Site "Gibraltar"]
[Date "2018.02.01"]
[Round "10.95"]
[White "Pabalan, Rocky"]
[Black "Rapport, Jovana"]
[Result "1/2-1/2"]
[WhiteElo "2098"]
[BlackElo "2305"]
[PlyCount "154"]
[EventDate "2018.01.23"]
[EventType "swiss"]
[EventRounds "10"]
[EventCountry "GGB"]
[SourceTitle "BritBase"]
[Source "www.saund.co.uk"]
[SourceDate "2018.02.10"]
[SourceVersion "1"]
[SourceVersionDate "2018.02.10"]
[SourceQuality "1"]

1. d4 d5 2. Nf3 Nc6 3. e3 Bg4 4. Nbd2 e5 5. dxe5 Nxe5 6. Be2 Nxf3+ 7. Nxf3 Nf6
8. O-O c6 9. b3 Bd6 10. Bb2 O-O 11. h3 Bxf3 12. Bxf3 Re8 13. Rc1 Qa5 14. Bxf6
gxf6 15. c4 Qxa2 16. cxd5 c5 17. Bh5 Re7 18. Rc4 Qb2 19. Rh4 f5 20. Qd3 Qf6 21.
g3 Rae8 22. Bd1 Re4 23. Rh5 Qg6 24. Kh1 f6 25. Rg1 Kf8 26. Bf3 R4e5 27. Rh4
R8e7 28. g4 Rg7 29. Rc1 fxg4 30. Qxg6 hxg6 31. hxg4 Kg8 32. Kg2 Rh7 33. Rxh7
Kxh7 34. Ra1 a6 35. Ra4 Kg7 36. Kf1 Kf7 37. Ke2 Re8 38. Be4 Rh8 39. Kf1 Rh4 40.
Bg2 Rh8 41. Bf3 Ra8 42. Be2 Be5 43. Bd3 g5 44. Kg2 Re8 45. Bf5 Ke7 46. Re4 Kd8
47. f4 gxf4 48. exf4 Bd6 49. Be6 Re7 50. Kf3 b5 51. g5 fxg5 52. fxg5 Rg7 53.
Rg4 c4 54. bxc4 b4 55. g6 a5 56. Bf5 a4 57. Rh4 Ke7 58. Rh7 Be5 59. Rxg7+ Bxg7
60. Bc2 b3 61. Bd1 Kd6 62. Ke4 Kc5 63. Kd3 Bf6 64. Kd2 Kb4 65. d6 a3 66. d7 a2
67. g7 a1=Q 68. g8=Q Qd4+ 69. Ke2 Qe4+ 70. Kf1 Qh1+ 71. Ke2 Qh5+ 72. Ke3 Qxd1
73. Qf8+ Kxc4 74. Qc8+ Kb4 75. Qb7+ Ka3 76. Qa6+ Kb4 77. Qb6+ Ka3 1/2-1/2

[Event "Tradewise Gibraltar Masters 16th"]
[Site "Gibraltar"]
[Date "2018.02.01"]
[Round "10.96"]
[White "Mannion, Stephen R"]
[Black "Hapala, Elisabeth"]
[Result "1-0"]
[WhiteElo "2285"]
[BlackElo "2097"]
[PlyCount "89"]
[EventDate "2018.01.23"]
[EventType "swiss"]
[EventRounds "10"]
[EventCountry "GGB"]
[SourceTitle "BritBase"]
[Source "www.saund.co.uk"]
[SourceDate "2018.02.10"]
[SourceVersion "1"]
[SourceVersionDate "2018.02.10"]
[SourceQuality "1"]

1. e4 e5 2. Nf3 Nc6 3. Bb5 a6 4. Ba4 Nf6 5. O-O Be7 6. Re1 b5 7. Bb3 d6 8. c3
O-O 9. d4 Bg4 10. Be3 Bh5 11. Nbd2 d5 12. Bg5 dxe4 13. Nxe4 exd4 14. Ng3 Bg6
15. cxd4 Re8 16. Rc1 Na5 17. h4 Nxb3 18. Qxb3 h6 19. Bxf6 Bxf6 20. Rxe8+ Qxe8
21. h5 Bh7 22. Rxc7 Rd8 23. Qe3 Bb1 24. a3 a5 25. Qc3 a4 26. Ne5 Rxd4 27. Qxd4
Qxe5 28. Rc8+ Kh7 29. Qb4 Qe7 30. Qxb5 Qe1+ 31. Kh2 Bd4 32. Qe8 Qxe8 33. Rxe8
Bxf2 34. Ne2 Bc2 35. Nc3 Bd4 36. Nxa4 Bxa4 37. Re4 Bxb2 38. Rxa4 g6 39. Ra7 Kg7
40. hxg6 Kxg6 41. Kg3 Kg5 42. a4 f5 43. a5 f4+ 44. Kf3 Kf5 45. a6 1-0

[Event "Tradewise Gibraltar Masters 16th"]
[Site "Gibraltar"]
[Date "2018.02.01"]
[Round "10.97"]
[White "Heinemann, Josefine"]
[Black "Tejaswini, Sagar"]
[Result "1/2-1/2"]
[WhiteElo "2270"]
[BlackElo "2081"]
[PlyCount "148"]
[EventDate "2018.01.23"]
[EventType "swiss"]
[EventRounds "10"]
[EventCountry "GGB"]
[SourceTitle "BritBase"]
[Source "www.saund.co.uk"]
[SourceDate "2018.02.10"]
[SourceVersion "1"]
[SourceVersionDate "2018.02.10"]
[SourceQuality "1"]

1. e4 e5 2. Nf3 Nc6 3. Bb5 a6 4. Ba4 Nf6 5. O-O Be7 6. Re1 b5 7. Bb3 d6 8. c3
O-O 9. h3 Bb7 10. d4 Nd7 11. Nbd2 exd4 12. cxd4 Bf6 13. Nf1 Na5 14. Bc2 Re8 15.
Ng3 g6 16. Rb1 c5 17. e5 dxe5 18. dxc5 b4 19. Be4 Bc6 20. Bxc6 Nxc6 21. Ne4 Bg7
22. Bg5 Qc7 23. Qd5 Re6 24. Rbc1 Rf8 25. b3 Nd4 26. Nxd4 exd4 27. Bd2 a5 28.
Nd6 Rxe1+ 29. Bxe1 Ne5 30. Rd1 Nc6 31. Bd2 Ne7 32. Qc4 Qc6 33. Bf4 Nd5 34. Bg3
Nc3 35. Re1 Qd5 36. Qxd5 Nxd5 37. c6 f5 38. Be5 Bxe5 39. Rxe5 Nc7 40. Nc4 d3
41. Kf1 Re8 42. Rxe8+ Nxe8 43. Ke1 Kf7 44. Kd2 Ke6 45. Kxd3 Kd5 46. Nxa5 Nc7
47. g3 g5 48. f3 Ne6 49. Ke3 f4+ 50. gxf4 gxf4+ 51. Ke2 Nc7 52. h4 h5 53. Nc4
Kxc6 54. Ne5+ Kd6 55. Ng6 Ne6 56. Kd3 Kd5 57. Ne7+ Kd6 58. Nc8+ Kd5 59. Ne7+
Kd6 60. Ng8 Ke5 61. Kc4 Nd4 62. Nf6 Nxf3 63. Nxh5 Nxh4 64. Nxf4 Kxf4 65. Kxb4
Ke5 66. Kc5 Ke6 67. Kb6 Kd7 68. Kb7 Nf5 69. a4 Nd6+ 70. Kb8 Kc6 71. b4 Kb6 72.
Ka8 Nc4 73. a5+ Nxa5 74. bxa5+ Kxa5 1/2-1/2